UF ministry: five years in retrospect (Record no. 488425)

000 -LEADER
fixed length control field 00366cam a22001097a 4500
008 - FIXED-LENGTH DATA ELEMENTS--GENERAL INFORMATION
fixed length control field 180718b1975 xxu||||| |||| 00| 0 eng d
082 ## - DEWEY DECIMAL CLASSIFICATION NUMBER
Classification number B5x5453 K45
245 ## - TITLE STATEMENT
Title UF ministry: five years in retrospect
Statement of responsibility, etc. by Public Relations Department, Kerala
260 ## - PUBLICATION, DISTRIBUTION, ETC.
Place of publication, distribution, etc. Trivandrum
Name of publisher, distributor, etc. Public Relations Department
Date of publication, distribution, etc. 1975
300 ## - PHYSICAL DESCRIPTION
Extent 83p.
700 ## - ADDED ENTRY--PERSONAL NAME
Personal name Kerala. Public Relations Department
Holdings
Withdrawn status Lost status Damaged status Not for loan Permanent Location Current Location Date acquired Full call number Barcode Date last seen Price effective from Koha item type
        Indian Institute of Public Administration Indian Institute of Public Administration 2018-08-04 B5x5453 K45 GG16048 2018-08-04 2018-08-04 GG

Powered by Koha